00930nam a2200277 i 4500001000400000245007400004250002100078260004300099300003100142490005000173505002000223651001800243655002100261700002900282700002800311830005000339020001500389040000800404041000800412920001800420942000700438008004100445999001700486856009800503952005100601bgj00aGreat Britain /cedited by Roger Williams ; updated by Tony Halliday. a6th ed. updated. aLondon :bAPA Publications Ltd,c1997. a306 pp :bphotos ;c23 cm.1 aInsight Guide / Series created by Hans Hoefer aIncludes index. 9aGreat Britain aTouristic guides1 aWILLIAMS, Roger.eeditor1 aHALLIDAY, Tony.eeditor 0aInsight Guide (Series created by Hans Hoefer) a962421025X cBPK0 aeng a962-421-025-X cKS s uk f |000 0 eng  c49253d49253 uhttp://koha.tu.koszalin.pl/cgi-bin/koha/opac-detail.pl?biblionumber=49253yKatalog online BPK 00104070aBPKbBPKckwoBR 106p09000605yKS